| 000 | 01115nam a22002897a 4500 | ||
|---|---|---|---|
| 001 | 8835 | ||
| 003 | FISKH | ||
| 005 | 20251024101054.0 | ||
| 008 | 251022b cb ||||| |||| 00| 0 eng d | ||
| 040 |
_aFISKH _bkhr _cFISKH _dFISKH |
||
| 050 | _aPZ7 | ||
| 082 | _a895 | ||
| 100 | _aMinistry of Education , Youth and Sports | ||
| 245 |
_aម៉ែថា / _cក្រសួងអប់រំ យុវជន និងកីឡា |
||
| 260 |
_aPhnom Penh : _bMinistry of Education, Youth and Sports , _c2020. |
||
| 300 |
_a8 pages : _bcolor illustrations ; _c30 cm . |
||
| 505 | _aH | ||
| 520 | _aម៉ែនាំចៅវ៉ា ចៅង៉ូ សូម៉ា វ៉ារី ណារ៉ា ទៅលំនៅតារ៉ូ ។ | ||
| 520 | _aMom take Chao Va, Chao Ngo , Soma , Vary to visit grandpa Ro . | ||
| 521 | 8 |
_a400
_bLexile estimate |
|
| 521 | 8 |
_aH
_bRaz-Plus |
|
| 650 |
_aម៉ែថា _vរឿងនិទានកុមារ |
||
| 650 |
_aMom says _vChildren's Stories |
||
| 700 |
_aBrus, Choeurn _eIllustrator |
||
| 942 |
_2ddc _cKHB _n0 |
||
| 999 |
_c8835 _d8835 |
||